|
|
|
|
| LEADER |
01991nam a2200505 a 4500 |
| 001 |
nkc20132457210 |
| 003 |
CZ PrNK |
| 005 |
20130703071050.0 |
| 007 |
ta |
| 008 |
130422s2013 xr ac e c 000 0dcze |
| 020 |
|
|
|a 978-80-87344-18-7
|q (brož.)
|
| 040 |
|
|
|a BOA001
|b cze
|
| 041 |
1 |
|
|a cze
|a eng
|h cze
|
| 043 |
|
|
|a e-xr---
|
| 045 |
|
|
|a x5x6
|
| 072 |
|
7 |
|a 73
|x Sochařství, keramika, porcelán, umělecké zpracování kovů
|2 Konspekt
|9 21
|
| 080 |
|
|
|a 730(437.3)
|2 MRF
|
| 080 |
|
|
|a 730.036/.038
|2 MRF
|
| 080 |
|
|
|a (437.3)
|2 MRF
|
| 080 |
|
|
|a (083.824)
|2 MRF
|
| 100 |
1 |
|
|a Zoubek, Olbram,
|d 1926-2017
|7 jn19990010042
|4 art
|
| 245 |
1 |
0 |
|a Olbram Zoubek neznámý =
|b Olbram Zoubek unknown : Konírna, Museum Kampa, 22.2.-21.4.2013 /
|c [texty Václav Erben, Polana Bregantová a Jiří Machalický]
|
| 246 |
3 |
1 |
|a Olbram Zoubek unknown
|
| 260 |
|
|
|a V Praze :
|b Olbram Zoubek :
|b Museum Kampa - Nadace Jana a Medy Mládkových,
|c 2013
|
| 300 |
|
|
|a 74 s. :
|b il. (převážně barev.), 1 portrét ;
|c 26 cm
|
| 500 |
|
|
|a Životopisná data
|
| 546 |
|
|
|a Souběžný anglický text
|
| 600 |
1 |
7 |
|a Zoubek, Olbram,
|d 1926-2017
|7 jn19990010042
|2 czenas
|
| 648 |
|
4 |
|a 1951-1966
|
| 648 |
|
7 |
|a 20. století
|7 ch460558
|2 czenas
|
| 650 |
0 |
7 |
|a české sochařství
|7 ph128152
|y 20. století
|2 czenas
|
| 650 |
0 |
7 |
|a moderní sochařství
|7 ph122941
|z Česko
|2 czenas
|
| 650 |
0 |
9 |
|a Czech sculpture
|y 20th century
|2 eczenas
|
| 650 |
0 |
9 |
|a modern sculpture
|z Czechia
|2 eczenas
|
| 655 |
|
7 |
|a katalogy výstav
|7 fd132536
|2 czenas
|
| 655 |
|
9 |
|a exhibition catalogs
|2 eczenas
|
| 700 |
1 |
|
|a Erben, Václav
|7 jn19981000992
|4 wfw
|
| 700 |
1 |
|
|a Bregantová, Polana,
|d 1954-
|7 xx0005375
|4 wfw
|
| 700 |
1 |
|
|a Machalický, Jiří,
|d 1952-
|7 jn20000401689
|4 wfw
|
| 710 |
2 |
|
|a Museum Kampa (Praha, Česko)
|7 kn20020906013
|
| 910 |
2 |
|
|a BOA001
|b 3-1304.367
|
| 990 |
|
|
|a BK
|
| 995 |
|
|
|a 11
|
| 991 |
|
|
|b 201305
|c NOV
|e n
|
| 996 |
6 |
|
|b 2610547568
|c 3-1304.367
|l MZK
|r Sklad / do 1 hodiny
|n 2
|p p.v.
|w 001324445
|u 000010
|a 1
|e BOA001
|j MZK50
|s P
|